00980nam a2200277 i 450000100060000000300090000600500170001500700030003200800410003502000180007608000300009408000190012410000340014324500800017726000320025730000220028949000290031150000150034050400340035565000720038965100430046183000370050485200220054199900170056395201220058011461ES-MaACL20230906150115.0t|921022s1992 sp |||| | spa j a84-7100-606-5 a323.269.6(=97/=98)"15/18" a98(=60)"15/18"1 aBarral Gómez, Angel.92584210aRebeliones indígenas en la América española / cAngel Barral Gómez. aMadrid : bMAPFRE, c[1992] a311 p. ; c23 cm.1 aArmas y América ; v11 aÍndices. aBibliografía: p. [285]-297. 4aMovimientos indigenistas-zAmérica española-vHistoria.9169144 4aAmérica española-xHistoria.977230 aArmas y América ; v119179104 aES-MaACLjL-18786 c11461d11461 00104070aATENEOMbATENEOMcDEPO2d2008-01-17eSCl0oL-18786p1011684r2023-02-23 00:00:00w2023-02-23yMONOGRAFIA